00315nam a2200109Ia 4500008004000000082001500040100003900055245004900094260003200143300000800175650002200183210210b1968 xxu||||| |||| 00| 0 eng d a423.1 BRIB aBRIGHT (P S) and BRIGHT (Jagat S). aBrights dictionary of synonyms and antonyms. aDelhibBright Careersc1968 a159 aSynonyms antonyms